Statistics for Criminal Case: Supernatural Investigations

Click here to take the quiz!

General Stats

  • This quiz has been taken 3 times
  • The average score is 75 of 241

Answer Stats

CaseStatusAnswer% Correct
1. Blood LustVictimLucy Winters
100%
6. Bad VibesSuspectAmanda Harrison
50%
3. The Curse of Black RidgeSuspectAnika Cross
50%
11. A One-Wolf Open SlaySuspectAnnette Strong
50%
15. The Tree of DeathVictimAnnette Strong
50%
28. The Hunted HunterQuasi-SuspectArthur Darkwood
50%
13. Weirder StuffSuspectArthur Darkwood
50%
14. Winter MurderlandQuasi-SuspectArthur Darkwood
50%
15. The Tree of DeathQuasi-SuspectArthur Darkwood
50%
20. Scry for HelpQuasi-SuspectArthur Darkwood
50%
24. Scarab to DeathQuasi-SuspectArthur Darkwood
50%
25. The Third DegreeQuasi-SuspectArthur Darkwood
50%
23. Hocus PocusQuasi-SuspectArthur Darkwood
50%
2. One Bigfoot in the GraveSuspectArthur Darkwood
50%
30. To Hell and BackVictimArthur Darkwood
50%
10. The Ghost of Murders PastSuspectArthur Darkwood
50%
10. The Ghost of Murders PastKillerAxel Bross
50%
7. Gut OutSuspectAxel Bross
50%
28. The Hunted HunterSuspectBathsheba
50%
22. Niagara FallenSuspectBathsheba
50%
5. Immortal CombatSuspectBathsheba
50%
2. One Bigfoot in the GraveSuspectBathsheba
50%
7. Gut OutSuspectBathsheba
50%
19. A Murder of CrowsSuspectBelinda
50%
20. Scry for HelpVictimBelinda
50%
27. To the LighthouseQuasi-SuspectBelinda's Ghost
50%
6. Bad VibesQuasi-SuspectBen Shepherd
50%
29. Divided We FallQuasi-SuspectBen Shepherd
50%
26. Death at a FuneralQuasi-SuspectBen Shepherd
50%
27. To the LighthouseQuasi-SuspectBen Shepherd
50%
2. One Bigfoot in the GraveVictimBigfoot
50%
7. Gut OutSuspectCarmen Garcia
50%
8. Hashtag MurderSuspectCecilia Carson
50%
4. Hour of the WolfVictimDanny Kwame
50%
2. One Bigfoot in the GraveSuspectDarius Wexler
50%
1. Blood LustKillerDJ Blood
50%
1. Blood LustSuspectDr Aculus
50%
5. Immortal CombatVictimDr Aculus
50%
3. The Curse of Black RidgeQuasi-SuspectDr Aculus
50%
9. Mad WorldVictimDr Lucrezia Stein
50%
2. One Bigfoot in the GraveKillerElwood Grimes
50%
5. Immortal CombatKillerEric Zwart
50%
1. Blood LustSuspectEric Zwart
50%
5. Immortal CombatSuspectFabien de la Mort
50%
2. One Bigfoot in the GraveQuasi-SuspectFabien de la Mort
50%
18. Over the EdgeSuspectFabien de la Mort
50%
19. A Murder of CrowsQuasi-SuspectFabien de la Mort
50%
29. Divided We FallKillerFabien de la Mort
50%
8. Hashtag MurderQuasi-SuspectFelix Reed
50%
4. Hour of the WolfQuasi-SuspectFelix Reed
50%
30. To Hell and BackQuasi-SuspectFelix Reed
50%
17. Don't Die Over Spilled MilkQuasi-SuspectGeorge Mathison
50%
9. Mad WorldQuasi-SuspectGeorge Mathison
50%
10. The Ghost of Murders PastQuasi-SuspectGeorge Mathison
50%
20. Scry for HelpQuasi-SuspectGeorge Mathison
50%
7. Gut OutQuasi-SuspectGeorge Mathison
50%
3. The Curse of Black RidgeSuspectGeorge Mathison
50%
22. Niagara FallenQuasi-SuspectGeorge Mathison
50%
27. To the LighthouseSuspectGeorge Mathison
50%
10. The Ghost of Murders PastSuspectGreg Schmidt
50%
9. Mad WorldSuspectGreg Schmidt
50%
20. Scry for HelpQuasi-SuspectGwen Harper
50%
18. Over the EdgeQuasi-SuspectGwen Harper
50%
28. The Hunted HunterSuspectGwen Harper
50%
1. Blood LustQuasi-SuspectGwen Harper
50%
7. Gut OutQuasi-SuspectHaseya Roanhorse
50%
15. The Tree of DeathSuspectHaseya Roanhorse
50%
16. This American DeathSuspectHeather Night
50%
20. Scry for HelpKillerHeather Night
50%
26. Death at a FuneralQuasi-SuspectHope Newman
50%
8. Hashtag MurderQuasi-SuspectHope Newman
50%
30. To Hell and BackQuasi-SuspectHope Newman
50%
25. The Third DegreeQuasi-SuspectJacob Arrow
50%
30. To Hell and BackQuasi-SuspectJacob Arrow
50%
26. Death at a FuneralQuasi-SuspectJacob Arrow
50%
22. Niagara FallenQuasi-SuspectJacob Arrow
50%
15. The Tree of DeathQuasi-SuspectJacob Arrow
50%
6. Bad VibesQuasi-SuspectJacob Arrow
50%
5. Immortal CombatQuasi-SuspectJacob Arrow
50%
3. The Curse of Black RidgeVictimJeremy Cross
50%
7. Gut OutQuasi-SuspectJesse Adams
50%
6. Bad VibesKillerJesse Adams
50%
8. Hashtag MurderSuspectJosé Carvallo
50%
6. Bad VibesSuspectJustine Bankston
50%
10. The Ghost of Murders PastQuasi-SuspectJustine Bankston
50%
7. Gut OutQuasi-SuspectJustine Bankston
50%
8. Hashtag MurderSuspectKevin East
50%
3. The Curse of Black RidgeSuspectLeah Spencer
50%
11. A One-Wolf Open SlayQuasi-SuspectLuke Fernandez
50%
30. To Hell and BackSuspectMaetheron
50%
7. Gut OutSuspectMalcolm Drummond
50%
8. Hashtag MurderVictimMarigold Carson
50%
2. One Bigfoot in the GraveSuspectMarigold Carson
50%
6. Bad VibesSuspectMelissa Roanhorse
50%
8. Hashtag MurderQuasi-SuspectMichael Shepherd
50%
2. One Bigfoot in the GraveQuasi-SuspectMina Reynolds
50%
1. Blood LustSuspectMina Reynolds
50%
20. Scry for HelpSuspectMorgana Blackhawk
50%
4. Hour of the WolfQuasi-SuspectMorgana Blackhawk
50%
18. Over the EdgeSuspectMorgana Blackhawk
50%
28. The Hunted HunterKillerMorgana Blackhawk
50%
30. To Hell and BackSuspectMorgana Blackhawk
50%
3. The Curse of Black RidgeQuasi-SuspectNathaniel Mason
50%
7. Gut OutVictimPaul Etter
50%
4. Hour of the WolfSuspectPierce Cromwell
50%
5. Immortal CombatSuspectPierce Cromwell
50%
10. The Ghost of Murders PastQuasi-SuspectPossessed Luke
50%
1. Blood LustQuasi-SuspectPriya Desai
50%
11. A One-Wolf Open SlaySuspectPriya Desai
50%
14. Winter MurderlandQuasi-SuspectPriya Desai
50%
12. Dead HeatQuasi-SuspectPriya Desai
50%
6. Bad VibesVictimRainee Day
50%
22. Niagara FallenSuspectReggie Pratt
50%
30. To Hell and BackSuspectReggie Pratt
50%
24. Scarab to DeathSuspectReggie Pratt
50%
25. The Third DegreeKillerReggie Pratt
50%
4. Hour of the WolfSuspectReggie Pratt
50%
3. The Curse of Black RidgeKillerRick Lewis
50%
8. Hashtag MurderSuspectR.J. Fielding
50%
10. The Ghost of Murders PastVictimR.J. Fielding
50%
22. Niagara FallenVictimRonnie Hawk
50%
3. The Curse of Black RidgeSuspectRonnie Hawk
50%
29. Divided We FallSuspectRonnie Hawk
50%
10. The Ghost of Murders PastSuspectRonnie Hawk
50%
29. Divided We FallVictimRoxanne Vega
50%
5. Immortal CombatSuspectRoxanne Vega
50%
1. Blood LustSuspectRoxanne Vega
50%
22. Niagara FallenSuspectRoxanne Vega
50%
4. Hour of the WolfSuspectRuth Wu
50%
11. A One-Wolf Open SlayVictimRuth Wu
50%
9. Mad WorldSuspectSavannah Austin
50%
4. Hour of the WolfKillerSerena Kwame
50%
7. Gut OutKillerSusan Etter
50%
25. The Third DegreeSuspectTheresa Rosenthal
50%
24. Scarab to DeathKillerTheresa Rosenthal
50%
21. No Leg to Stand OnSuspectTheresa Rosenthal
50%
25. The Third DegreeVictimTheresa Rosenthal
50%
8. Hashtag MurderKillerTiffany
50%
9. Mad WorldSuspectWillie Hicks
50%
12. Dead HeatSuspectZander Stark
50%
4. Hour of the WolfSuspectZander Stark
50%
15. The Tree of DeathSuspectZander Stark
50%
23. Hocus PocusSuspectZander Stark
50%
29. Divided We FallSuspectZander Stark
50%
30. To Hell and BackKillerZeke Davis
50%
10. The Ghost of Murders PastSuspectZeke Davis
50%
6. Bad VibesSuspectZeke Davis
50%
14. Winter MurderlandSuspectZeke Davis
50%
15. The Tree of DeathKillerZeke Davis
50%
10. The Ghost of Murders PastQuasi-SuspectAbigail Riley
0%
18. Over the EdgeSuspectAce Boome
0%
9. Mad WorldKillerAdam Enstrom
0%
23. Hocus PocusVictimAgnes Leek
0%
20. Scry for HelpSuspectAgnes Leek
0%
16. This American DeathQuasi-SuspectAgnes Leek
0%
10. The Ghost of Murders PastQuasi-SuspectAgnes Leek
0%
16. This American DeathKillerAlice Kelly
0%
18. Over the EdgeKillerAndrew Lodge
0%
29. Divided We FallSuspectAvery Mitchell
0%
17. Don't Die Over Spilled MilkSuspectAvery Mitchell
0%
23. Hocus PocusSuspectAvery Mitchell
0%
20. Scry for HelpSuspectAvery Mitchell
0%
25. The Third DegreeSuspectBalthazar Torres
0%
26. Death at a FuneralSuspectBeauregard Lomax
0%
26. Death at a FuneralVictimBernie Silverman
0%
14. Winter MurderlandSuspectBlake Woodbine
0%
27. To the LighthouseVictimBucky Johnson
0%
25. The Third DegreeSuspectBucky Johnson
0%
22. Niagara FallenSuspectBucky Johnson
0%
9. Mad WorldSuspectCharity and Mercy
0%
24. Scarab to DeathSuspectCleo Sinclair
0%
17. Don't Die Over Spilled MilkSuspectClybourn Webster
0%
11. A One-Wolf Open SlaySuspectDamien Holder
0%
16. This American DeathVictimDan Kelly
0%
17. Don't Die Over Spilled MilkQuasi-SuspectDanny Burnett
0%
24. Scarab to DeathVictimDan Quang
0%
30. To Hell and BackQuasi-SuspectDemon Queen
0%
19. A Murder of CrowsSuspectDolly Hale
0%
25. The Third DegreeSuspectDolores Harper
0%
28. The Hunted HunterVictimDolores Harper
0%
23. Hocus PocusSuspectDolores Harper
0%
27. To the LighthouseSuspectDr Daemon
0%
27. To the LighthouseKillerEdwina Pickles
0%
30. To Hell and BackSuspectEdwinata
0%
21. No Leg to Stand OnVictimEric Prynce
0%
14. Winter MurderlandSuspectFabian Roland-Tavin
0%
18. Over the EdgeQuasi-SuspectFabien & Luke
0%
24. Scarab to DeathSuspectFalcon
0%
13. Weirder StuffQuasi-SuspectFalcon
0%
15. The Tree of DeathSuspectFalcon
0%
27. To the LighthouseQuasi-SuspectFalcon
0%
12. Dead HeatSuspectFlake Winningham
0%
16. This American DeathSuspectFlorence Brucker
0%
19. A Murder of CrowsKillerFrankie Sparkles
0%
28. The Hunted HunterSuspectGregg
0%
14. Winter MurderlandQuasi-SuspectHannah
0%
13. Weirder StuffSuspectHaruto Matsushima
0%
23. Hocus PocusSuspectJanie Sanders
0%
17. Don't Die Over Spilled MilkSuspectJeffrey Michaels
0%
12. Dead HeatVictimJerry McKenzie
0%
21. No Leg to Stand OnSuspectJohann Zeit
0%
26. Death at a FuneralSuspectJonathan Zarus
0%
23. Hocus PocusKillerJoseph Hardcastle
0%
21. No Leg to Stand OnQuasi-SuspectKraken
0%
26. Death at a FuneralSuspectLarry Zarus
0%
12. Dead HeatSuspectLily Karam
0%
13. Weirder StuffSuspectLinda Regan
0%
17. Don't Die Over Spilled MilkKillerLyla Heller
0%
19. A Murder of CrowsSuspectMackenzie Herring
0%
21. No Leg to Stand OnSuspectMarcello Campiano
0%
26. Death at a FuneralSuspectMarilyn Bullock
0%
19. A Murder of CrowsSuspectMartin Fuller
0%
17. Don't Die Over Spilled MilkSuspectMartin Fuller
0%
27. To the LighthouseSuspectMartin Fuller
0%
12. Dead HeatSuspectMaylin Park
0%
14. Winter MurderlandSuspectMimi McPhee
0%
18. Over the EdgeSuspectMoesha Decker
0%
16. This American DeathSuspectMoose Nylund
0%
24. Scarab to DeathSuspectMummy
0%
21. No Leg to Stand OnKillerMuriel Cove
0%
19. A Murder of CrowsVictimNorm White
0%
20. Scry for HelpSuspectPandora Geiss
0%
14. Winter MurderlandKillerPoppy Winters
0%
12. Dead HeatKillerRalph McKenzie
0%
13. Weirder StuffVictimRex Lane
0%
15. The Tree of DeathSuspectRubarae
0%
13. Weirder StuffKillerRuby Rees
0%
28. The Hunted HunterSuspectSam Ellis
0%
11. A One-Wolf Open SlayKillerSam Ellis
0%
11. A One-Wolf Open SlaySuspectSanta Claus
0%
13. Weirder StuffSuspectScott Ridley
0%
27. To the LighthouseSuspectSeth Daemon
0%
18. Over the EdgeVictimSharon Decker
0%
16. This American DeathSuspectStan Jensen
0%
23. Hocus PocusQuasi-SuspectTilly Harper
0%
17. Don't Die Over Spilled MilkVictimTodd Anderson
0%
21. No Leg to Stand OnSuspectVanessa Sadler
0%
26. Death at a FuneralKillerVicki Silverman
0%
29. Divided We FallSuspectWendall Goh
0%
22. Niagara FallenKillerWendall Goh
0%
14. Winter MurderlandVictimWyatt Ewing
0%

Score Distribution

Percentile by Number Answered

Percent of People with Each Score

Your Score History

You have not taken this quiz